| 000 | 00896nam a2200277 a 4500 | ||
|---|---|---|---|
| 001 | BRCA_4612 | ||
| 005 | 20190320204733.0 | ||
| 008 | 270910s1959----sp-a######---#000-0#spa-# | ||
| 041 | _aspa | ||
| 044 | _asp | ||
| 050 | 4 |
_aN3459 _b.T67 1959 |
|
| 100 | 1 |
_aTorres Fontes, Juan _911674 |
|
| 245 | 1 | 0 |
_aMuseo Salzillo _bMurcia _cJuan Torres Fontes. |
| 260 |
_aMadrid _bDirección General de Bellas Artes _c1959 |
||
| 300 |
_a121 p. _bil., 24 láminas, 1 plano _c22 cm. |
||
| 440 | 0 |
_aGuías de los museos de España _v10 _911675 |
|
| 500 | _aEstado físico: Cubierta parcialmente desprendida | ||
| 500 | _aCFG87 | ||
| 504 | _aBibliografía: p. 119-121 | ||
| 600 | 1 | 4 |
_aSalzillo Alcazar, Francisco _d1707-1783 _911676 |
| 610 | 2 | 4 |
_aMuseo Salzillo Murcia _zMurcia _911677 |
| 650 | 1 | 4 |
_aGalerías y museos _zEspaña _97331 |
| 650 | 1 | 4 |
_aEscultores españoles _98024 |
| 902 | _aGFM | ||
| 942 |
_2lcc _cB |
||
| 999 |
_c4317 _d4317 |
||